Only revolutions / (Record no. 1160)

MARC details
000 -LEADER
fixed length control field 00559nam a2200193 ar4500
001 - CONTROL NUMBER
control field 1161
005 - DATE AND TIME OF LATEST TRANSACTION
control field 20221127090141.0
008 - FIXED-LENGTH DATA ELEMENTS--GENERAL INFORMATION
fixed length control field 090223s xxu 0001f|eng d
020 ## - INTERNATIONAL STANDARD BOOK NUMBER
International Standard Book Number 0375421769(hpb) :
Terms of availability SR149.00
082 04 - DEWEY DECIMAL CLASSIFICATION NUMBER
Classification number 813.54
Item number D227 2006
100 1# - MAIN ENTRY--PERSONAL NAME
Personal name Danielewski, Mark Z.
245 10 - TITLE STATEMENT
Title Only revolutions /
Statement of responsibility, etc. Mark Danielewski.
250 ## - EDITION STATEMENT
Edition statement 1st ed.
260 ## - PUBLICATION, DISTRIBUTION, ETC.
Place of publication, distribution, etc. New York :
Name of publisher, distributor, etc. Pantheon Books,
Date of publication, distribution, etc. 2006.
300 ## - PHYSICAL DESCRIPTION
Extent 390. p ;
Dimensions 24 cm.
500 ## - GENERAL NOTE
General note Inverted text on same page.
650 #4 - SUBJECT ADDED ENTRY--TOPICAL TERM
Topical term or geographic name entry element American fiction
Chronological subdivision 20th century.
650 #4 - SUBJECT ADDED ENTRY--TOPICAL TERM
Topical term or geographic name entry element Experimental fiction.
Holdings
Withdrawn status Lost status Source of classification or shelving scheme Damaged status Not for loan Home library Current library Date acquired Total Checkouts Full call number Barcode Date last seen Copy number Price effective from Koha item type
          CENTRAL CENTRAL 11/27/2022   813.54 D227 2006 1000000001082 11/27/2022 C1 11/27/2022 Book